Top 75 Survival Video Games (IMDB) - Statistics

General Stats
  • This quiz has been taken 86 times
    25 since last reset
  • The average score is 11 of 83
Answer Stats
Video Game Year IMDB % Correct
The Last of Us 2013 9.7
75%
Minecraft 2009 8.8
63%
The Last of Us: Part II 2020 8.8
50%
Terraria 2011 7.9
44%
Fatal Frame 2001 8.3
38%
Resident Evil 2002 9.0
38%
Resident Evil 1996 8.9
38%
The Forest 2018 7.5
38%
Dying Light 2015 8.2
31%
Resident Evil 2 1998 9.1
31%
Resident Evil 2 2019 9.0
31%
Resident Evil 3 2020 7.7
31%
Resident Evil 3: Nemesis 1999 8.6
31%
Resident Evil 4 2005 9.3
31%
Resident Evil 5 2009 7.6
31%
Resident Evil VII: Biohazard 2017 8.6
31%
Subnautica 2018 8.4
31%
Don't Starve 2013 7.2
25%
Dying Light 2: Stay Human 2022 7.5
25%
Resident Evil: Village 2021 8.6
25%
Sons of the Forest 2023 7.2
25%
Tomb Raider 2013 8.7
25%
Alien: Isolation 2014 8.6
19%
Days Gone 2019 8.3
19%
Dead by Daylight 2016 7.2
19%
Project Zomboid 2013 7.7
19%
Resident Evil: Code: Veronica 2000 8.1
19%
Silent Hill 1999 9.0
19%
Amnesia: The Dark Descent 2010 8.1
13%
Frostpunk 2018 7.9
13%
Outlast 2013 8.3
13%
Resident Evil: Revelations 2012 7.2
13%
Resident Evil: Revelations 2 2015 7.4
13%
Silent Hill 2 2001 9.4
13%
Silent Hill 3 2003 8.6
13%
Silent Hill 4: The Room 2004 7.8
13%
The Long Dark 2014 7.7
13%
Dead Island 2011 7.2
6%
Friday the 13th: The Game 2017 7.3
6%
Hunt: Showdown 2019 7.4
6%
Left for Dead 2008 8.3
6%
Left for Dead 2 2009 8.3
6%
My Summer Car 2016 7.7
6%
Outlast 2 2017 7.5
6%
Pathologic 2005 7.8
6%
Pathologic 2 2019 7.7
6%
Resident Evil Zero 2002 7.6
6%
RimWorld 2013 8.4
6%
Rise of the Tomb Raider 2015 8.4
6%
Shadow of the Tomb Raider 2018 8.0
6%
SOMA 2015 8.4
6%
S.T.A.L.K.E.R.: Shadow of Chernobyl 2007 8.3
6%
Subnautica: Below Zero 2019 7.5
6%
System Shock 2 1999 8.9
6%
The Evil Within 2 2017 8.3
6%
The Last of Us: Part I 2022 9.7
6%
Valheim 2021 7.4
6%
Arizona Sunshine 2016 7.2
0%
Condemned: Criminal Origins 2005 8.0
0%
Detention 2017 7.8
0%
Dino Crisis 1999 7.8
0%
Dying Light: The Following 2016 8.1
0%
Haven 2020 7.2
0%
Little Nightmare II 2021 8.5
0%
Little Nightmares 2017 8.2
0%
Mad Father 2012 7.2
0%
Metal Gear Solid 3: Snake Eater 2004 9.5
0%
Nocturne 1999 8.3
0%
Parasite Eve II 1999 8.1
0%
Resident Evil: Deadly Silence 2006 7.5
0%
Rule of Rose 2006 7.9
0%
Silent Hill: Origins 2007 7.4
0%
Silent Hill: Shattered Memories 2009 7.8
0%
S.T.A.L.K.E.R.: Call of Pripyat 2009 8.4
0%
S.T.A.L.K.E.R.: Clear Sky 2008 7.5
0%
The Last of Us: Left Behind 2014 8.9
0%
The Oregon Trail 1971 7.6
0%
The Walking Dead: Saints & Sinners 2020 8.0
0%
The X-Files: Resist or Serve 2004 8.1
0%
This War of Mine 2014 7.7
0%
Uncharted: The Lost Legacy 2017 8.4
0%
Vampire Survivors 2021 7.7
0%
Visage 2020 7.2
0%
No matching quizzes found
Score Distribution
Percent of People with Each Score
Percentile by Number Answered
Your Score History
You have not taken this quiz since the last reset